000 00237nam a22001097a 4500
008 170125b xxu||||| |||| 00| 0 eng d
020 _a0030719038
041 _aeng
080 _a61
245 _aMODERN HEALTH
_cOTTO, J.H
942 _2udc
_cBK
999 _c3672
_d3672